| 000 | 01115nam2a2200265 4500 | ||
|---|---|---|---|
| 001 | rc\2989895 | ||
| 005 | 20260315063107.0 | ||
| 035 | _a(NLR Aleph) 007134057 | ||
| 090 |
_a13613290 _c13613290 |
||
| 100 | _a20110914d1945 u y0rusy50 ca | ||
| 101 | 1 |
_arus _ceng |
|
| 102 | _aRU | ||
| 105 | _aea z ||||| | ||
| 200 | 1 |
_aВагоны _fПер. с англ. П.В. Берга _gПод ред. П.И. Травина |
|
| 210 | _d1945 | ||
| 215 |
_a2 т. л., 630 с., 1 л. план. _cил., черт., план. |
||
| 320 | _aАлф. указатель: с. 599-627 | ||
| 461 | 0 |
_1001rc\2989894 _12001#$aАмериканские железнодорожные энциклопедии$eПер. с англ.$vт. 2 _96988691 _cМосква _d1945 _nизд-во и 1 тип. Трансжелдориздата _oПер. с англ. _tАмериканские железнодорожные энциклопедии _vт. 2 |
|
| 702 | 1 |
_aТравин _bП.И. _4340 |
|
| 702 | 1 |
_aБерг _bП.В. _4730 |
|
| 801 | 0 |
_aRU _bNLR _gpsbo |
|
| 801 | 1 |
_aRU _bELAR _2rusmarc |
|
| 852 |
_aNLR _jТ88 Г-7/15 |
||
| 942 | _cUNSPEC | ||
| 980 | _aNB | ||